000 00647nam a2200241Ia 4500
003 OSt
005 20220924140251.0
006 a|||||r|||| 00| 0
007 ta
008 220923b |||||||| |||| 00| 0 ben d
020 _c60
024 _a294302
037 _bM/2008/40, 01/09/2008, Mukta Dhara
_cTextual
040 _aARTS
_cARTS
_bben
041 _2ben
_aben
082 _aO157,3x, P5
100 _aBhowmik Nani
_9211160
245 0 _aWeacher manus
260 _c2005
650 _aBENGALI LITERATURE
942 _hO157,3x, P5
_cTEXL
_2CC
999 _c443525
_d443525